[Event "Trelew Acevedo Cup"]
[Site "Trelew"]
[Date "2018.04.29"]
[Round "3"]
[White "Alam, Emilio"]
[Black "Rojo, Lautaro"]
[Result "1-0"]
[WhiteElo "1979"]
[BlackElo "1786"]
[PlyCount "93"]
[EventDate "2018.04.27"]
[EventType "swiss"]
[EventRounds "7"]
[EventCountry "ARG"]
[SourceTitle "CBM 184 Extra"]
[Source "ChessBase"]
[SourceDate "2018.06.28"]
[SourceVersion "1"]
[SourceVersionDate "2018.06.28"]
[SourceQuality "1"]

1. d4 Nf6 2. c4 c5 3. Nf3 e6 4. Nc3 Be7 5. e4 cxd4 6. Qxd4 Nc6 7. Qd3 d6 8. Be2 0-0 9. 0-0 h6 10. h3 b6 11. Nd4 Nxd4 12. Qxd4 Bb7 13. Bf3 Rc8 14. b3 Nd7 15. Bb2 Ne5 16. Be2 Bf6 17. Qd2 Qe7 18. Rad1 Rfd8 19. Qe3 Ng6 20. Rd2 Nf4 21. Nb5 Bg5 22. Qg3 e5 23. Rfd1 Bxe4 24. Bf1 Nh5 25. Qc3 Bxd2 26. Qxd2 d5 27. Qe3 Nf6 28. Ba3 Qe6 29. Nxa7 d4 30. Qd2 Ra8 31. Nb5 Qd7 32. Bd6 Qe6 33. Bb4 Qc6 34. a4 Bf5 35. a5 bxa5 36. Bxa5 Ne4 37. Qe1 Rdc8 38. b4 Nd6 39. Qxe5 Nxb5 40. cxb5 Qc2 41. Qxd4 Re8 42. Bc4 Rac8 43. Bd5 Re2 44. Bf3 Re7 45. Bc6 Bd3 46. Rxd3 Re1+ 47. Kh2 1-0